[Event "IECC O email"]
[Site "IECC email"]
[Date "2001.07.17"]
[Round "?"]
[White "Bartlett, Rod"]
[Black "Keijzer, Tijs"]
[Result "0-1"]
[WhiteElo "1092"]
[BlackElo "1029"]
[PlyCount "68"]
[EventDate "2001.??.??"]
[EventType "tourn (corr)"]
[EventRounds "6"]
[SourceTitle "Corr 2008"]
[Source "ChessBase"]
[SourceDate "2008.06.24"]
[SourceVersion "1"]
[SourceVersionDate "2008.06.24"]
[SourceQuality "1"]

1. d4 d5 2. c4 e5 3. dxe5 d4 4. a3 c5 5. e3 Nc6 6. exd4 Qxd4 7. Qxd4 Nxd4 8. Bd3 Nb3 9. Nd2 Nxa1 10. b3 Bg4 11. f3 Rd8 12. Be4 Be6 13. Ne2 Nh6 14. Nc3 Be7 15. Bb2 Rxd2 16. Kxd2 Nxb3+ 17. Kd3 Bf5 18. g4 Bxe4+ 19. Nxe4 0-0 20. Nc3 Na5 21. Nd5 Re8 22. Bc1 Nc6 23. Bxh6 gxh6 24. f4 Kg7 25. Re1 Bh4 26. Re2 Nd4 27. Re4 b6 28. f5 Nf3 29. f6+ Kf8 30. Ne7 Bg5 31. Re2 Nxe5+ 32. Rxe5 Bxf6 33. Rh5 Rxe7 34. Rxh6 Kg7 0-1